Every Top 1 in Geometry Dash - Statistics

General Stats
  • This quiz has been taken 149 times
  • The average score is 22 of 41
Answer Stats
Creator & Verifier Level % Correct
OniLink (Verified by Zoink) Tidal Wave
96%
Riot Bloodbath
95%
knobbelboy Bloodlust
90%
Cyclic Sonic Wave
90%
Sunix Sonic Wave
90%
icedcave (Verified by Doggie) Slaughterhouse
84%
ryamu (Verified by Zoink) Acheron
82%
PockeWindfish (Verified by Zoink) Avernus
80%
Ggb0y (Verified by Giron) Cataclysm
79%
Trick Firework
77%
Dolphy Tartarus
76%
Bianox (Verified by Technical) Zodiac
75%
Diamond Sakupen Circles
74%
Bo (Verified by nSwish) The Golden
74%
Roadbose ICE Carbon Diablo X
72%
M2CoL demon park
71%
TrusTa Yatagarasu
64%
Exen/Neiro (Verified by Cursed) Abyss of Darkness
63%
BoldStep Erebus
62%
TrusTa Sakupen Hell
62%
Viprin [and more] Artificial Ascent
54%
Smokes Plasma Pulse Finale
54%
blackP2Sfull Silent Club
53%
Viprin [and more] Digital Descent
48%
TrueOmega (Verified by Wooshi) Crimson Planet
44%
Tygrysek Phobos
39%
Sohn0924 The Hell World
35%
Darnoc2 To the Grave
35%
RA7 BP Night
34%
DarkX Element 111 Rg
33%
Rabbitical Extreme Park
32%
MaJackO Stereo Demoness
28%
Exenity Athanatos
26%
Sohn0924 The Hell zone
26%
Ozpectro Fexty
25%
GDTheTactiq (Verified by Zephal) Stalemate Redux
25%
Sohn0924 The Hell origin
25%
MaJackO Future demoness
23%
superhexagon demon world
19%
TheRealZust Heaven And Hell
19%
Koopi Theory of Darkness
15%
No matching quizzes found
Score Distribution
Percent of People with Each Score
Percentile by Number Answered
Your Score History
You have not taken this quiz